000
00267nam a22001097a 4500
082
_a
808.066 GLI'R
100
_a
GLIDEN, H. K
_9
80399
245
_a
REPORTS TECHANICAL WRITING AND SPECIFICATION
260
_a
NEWYORK
_b
MCGRAW HILL
_c
1964
300
_a
312P
942
_c
BK
999
_c
585342
_d
585342